000 00824nam a2200229Ii 4500
003 JO-AjNU
008 230605s9999||||xx |||||||||||||| ||und||
017 _a2019/11821
020 _a978-977-841-121-8
040 _aJO-AjNU
_bara
_erda
_cJO-AjNU
041 _aara
050 1 4 _aKRM816 2020
100 3 _aاعداد الجبوري، احمد زكي يحيى,
_eauthor
_961794
245 0 0 _aالتنظيم القانوني لعقد تجهيز الطاقة الكهربائية: دراسة مقارنة
250 _aط1
264 3 1 _aالقاهرة: المركز العربي للنشر والتوزيع، 2020
300 _a258ص
336 _atext
_btxt
_2rdacontent
337 _aunmediated
_bn
_2rdamedia
338 _avolume
_bnc
_2rdacarrier
650 4 _aالطاقة الكهربائية-القانون
_961795
999 _aA27950
_c31518
_d31518